书目信息 |
| 题名: |
当代大学生择业指导
|
|
| 作者: | 刘家琦 主编 | |
| 分册: | ||
| 出版信息: | 哈尔滨 哈尔滨工业大学出版社 1995.11 |
|
| 页数: | 308页 | |
| 开本: | 32开 | |
| 丛书名: | ||
| 单 册: | ||
| 中图分类: | C913.2 | |
| 科图分类: | ||
| 主题词: | 社会生活 , 社会问题 | |
| 电子资源: | ||
| ISBN: | 7-5603-1113-X | |
| 000 | 00595nam0 2200205 45 | |
| 001 | 0009091596 | |
| 005 | 20000909153700.2 | |
| 010 | @a7-5603-1113-X@d10.00元 | |
| 100 | @a20000909d1995 km y0chiy0120 ea | |
| 101 | 0 | @achi |
| 105 | @a z 000yy | |
| 200 | 1 | @a当代大学生择业指导@ADang Dai Da Xue Sheng Ze Ye Zhi Dao@f刘家琦主编@FLiu Jia Qi Zhu Bian |
| 210 | @a哈尔滨@c哈尔滨工业大学出版社@d1995.11 | |
| 215 | @a308页@d32开 | |
| 606 | 0 | @a社会生活 |
| 606 | 0 | @a社会问题 |
| 690 | @aC913.2@v3 | |
| 701 | 0 | @a刘家琦@4主编 |
| 801 | @aCN@bPftUser@c20000909 | |
| 905 | @b131867-886@dC913.2@eL681@f20 | |
| 当代大学生择业指导/刘家琦主编.-哈尔滨:哈尔滨工业大学出版社,1995.11 |
| 308页;32开 |
| ISBN 7-5603-1113-X:10.00元 |
| ● |
| 相关链接 |
|
|
|
正题名:当代大学生择业指导
索取号:C913.2/L681
 
预约/预借
| 序号 | 登录号 | 条形码 | 馆藏地/架位号 | 状态 | 备注 |
| 1 | 131867 | 201318671 | 社科库509/509社科库 61排6列5层/ [索取号:C913.2/L681] | 在馆 | |
| 2 | 131868 | 201318680 | 社科库509/509社科库 61排6列5层/ [索取号:C913.2/L681] | 在馆 | |
| 3 | 131869 | 201318699 | 社科库509/509社科库 61排6列5层/ [索取号:C913.2/L681] | 在馆 | |
| 4 | 131870 | 201318706 | 社科库509/509社科库 61排6列5层/ [索取号:C913.2/L681] | 在馆 | |
| 5 | 131871 | 201318715 | 社科库509/509社科库 61排6列5层/ [索取号:C913.2/L681] | 在馆 | |
| 6 | 131872 | 201318724 | 社科库509/509社科库 61排6列5层/ [索取号:C913.2/L681] | 在馆 | |
| 7 | 131873 | 201318733 | 社科库509/509社科库 61排6列5层/ [索取号:C913.2/L681] | 在馆 | |
| 8 | 131874 | 201318742 | 社科库509/509社科库 61排6列5层/ [索取号:C913.2/L681] | 在馆 | |
| 9 | 131875 | 201318751 | 社科库509/509社科库 61排6列5层/ [索取号:C913.2/L681] | 在馆 | |
| 10 | 131876 | 201318760 | 社科库509/ [索取号:C913.2/L681] | 在馆 | |
| 11 | 131877 | 201318779 | 社科库509/509社科库 61排6列5层/ [索取号:C913.2/L681] | 在馆 | |
| 12 | 131878 | 201318788 | 社科库509/509社科库 61排6列5层/ [索取号:C913.2/L681] | 在馆 | |
| 13 | 131879 | 201318797 | 社科库509/509社科库 61排6列5层/ [索取号:C913.2/L681] | 在馆 | |
| 14 | 131880 | 201318804 | 社科库509/509社科库 61排6列5层/ [索取号:C913.2/L681] | 在馆 | |
| 15 | 131881 | 201318813 | 社科库509/509社科库 61排6列5层/ [索取号:C913.2/L681] | 在馆 | |
| 16 | 131882 | 201318822 | 社科库509/509社科库 61排6列5层/ [索取号:C913.2/L681] | 在馆 | |
| 17 | 131883 | 201318831 | 社科库509/509社科库 61排6列5层/ [索取号:C913.2/L681] | 在馆 | |
| 18 | 131884 | 201318840 | 社科库509/509社科库 61排6列5层/ [索取号:C913.2/L681] | 在馆 | |
| 19 | 131885 | 201318859 | 社科库509/509社科库 61排6列5层/ [索取号:C913.2/L681] | 在馆 | |
| 20 | 131886 | 201318868 | 社科库509/509社科库 61排6列5层/ [索取号:C913.2/L681] | 在馆 |